[Event "Kiev Spring op"]
[Site "Kiev"]
[Date "2021.07.17"]
[Round "9"]
[White "Savitsky, Anton"]
[Black "Marchenko, Ameliia"]
[Result "1/2-1/2"]
[WhiteElo "1612"]
[BlackElo "1279"]
[PlyCount "122"]
[EventDate "2021.07.10"]
[EventType "swiss"]
[EventRounds "9"]
[EventCountry "UKR"]
[SourceTitle "EXT 2024"]
[Source "ChessBase"]
[SourceDate "2023.10.10"]
[SourceVersion "1"]
[SourceVersionDate "2023.10.10"]
[SourceQuality "1"]

1. e4 e5 2. Nf3 Nc6 3. Bb5 a6 4. Ba4 Nf6 5. d3 b5 6. Bb3 Be7 7. c3 0-0 8. 0-0 d6 9. h3 Na5 10. Bc2 c5 11. d4 cxd4 12. cxd4 Qc7 13. Re1 Bd7 14. b3 Nc6 15. Bb2 Rfe8 16. a3 Rac8 17. Bd3 Bf8 18. Nbd2 Qb6 19. d5 Ne7 20. a4 Ng6 21. axb5 axb5 22. b4 Ra8 23. Qb3 Qb7 24. Ra5 Ra7 25. Rea1 Rea8 26. Bc3 Nf4 27. Bf1 Ne8 28. Ne1 Nc7 29. Nc2 Be7 30. Qb2 Bd8 31. Nb3 Ne8 32. R5a3 Rxa3 33. Nxa3 Nf6 34. f3 N6h5 35. Kh2 Bh4 36. Be1 Bxe1 37. Rxe1 Qb6 38. Rc1 Rb8 39. Na5 Ra8 40. Nc6 Bxh3 41. Nxb5 Bxg2 42. Bxg2 Qxb5 43. Bf1 Qa4 44. b5 Qa2 45. Qxa2 Rxa2+ 46. Kg1 Ng3 47. Nd4 h5 48. Rc2 Ra1 49. Kf2 Rxf1+ 50. Kxg3 exd4 51. Kxf4 Rb1 52. Rc6 Rxb5 53. Rxd6 f6 54. Rc6 d3 55. Rc3 Kf7 56. Rxd3 g5+ 57. Kg3 Ke7 58. f4 Rb4 59. fxg5 fxg5 60. e5 Re4 61. e6 Kd6 1/2-1/2

[Event "Kiev Spring op"]
[Site "Kiev"]
[Date "2021.07.14"]
[Round "6"]
[White "Savitsky, Anton"]
[Black "Didok, Danylo"]
[Result "0-1"]
[WhiteElo "1612"]
[BlackElo "1353"]
[PlyCount "84"]
[EventDate "2021.07.10"]
[EventType "swiss"]
[EventRounds "9"]
[EventCountry "UKR"]
[SourceTitle "EXT 2024"]
[Source "ChessBase"]
[SourceDate "2023.10.10"]
[SourceVersion "1"]
[SourceVersionDate "2023.10.10"]
[SourceQuality "1"]

1. e4 e5 2. Nf3 Nc6 3. Bb5 Bc5 4. c3 d6 5. 0-0 Nf6 6. d4 Nxe4 7. dxc5 Nxc5 8. Be3 Ne6 9. Qe2 0-0 10. Rd1 Qe7 11. Nbd2 f5 12. Nf1 f4 13. Bd2 Nc5 14. Re1 Bg4 15. h3 Bh5 16. b4 Ne6 17. Bc4 Kh8 18. N1h2 Ng5 19. Bd5 Rae8 20. Qc4 Nxf3+ 21. Bxf3 Bxf3 22. Nxf3 g5 23. Qe4 Qg7 24. g4 Qd7 25. Nh2 d5 26. Qe2 e4 27. f3 e3 28. Bc1 Ne5 29. Bb2 Nc4 30. Rad1 Rd8 31. Rd4 a5 32. Red1 b5 33. a4 Kg8 34. Rxd5 Qxd5 35. Rxd5 Rxd5 36. axb5 Nxb2 37. Qxb2 a4 38. Qa2 Rfd8 39. Qc4 a3 40. Nf1 Kf8 41. Qc6 R5d6 42. Qxc7 e2 0-1

[Event "Kiev Spring op"]
[Site "Kiev"]
[Date "2021.07.12"]
[Round "4"]
[White "Savitsky, Anton"]
[Black "Prymak, Mykhailo"]
[Result "1-0"]
[WhiteElo "1612"]
[BlackElo "1249"]
[PlyCount "79"]
[EventDate "2021.07.10"]
[EventType "swiss"]
[EventRounds "9"]
[EventCountry "UKR"]
[SourceTitle "EXT 2024"]
[Source "ChessBase"]
[SourceDate "2023.10.10"]
[SourceVersion "1"]
[SourceVersionDate "2023.10.10"]
[SourceQuality "1"]

1. e4 c6 2. d4 d5 3. Nc3 dxe4 4. Nxe4 Bf5 5. Ng3 Bg6 6. Nf3 Nd7 7. Bf4 Ngf6 8. Bd3 Bxd3 9. Qxd3 e6 10. 0-0 Be7 11. Rfe1 0-0 12. Re2 Nd5 13. Bd2 c5 14. c4 N5f6 15. Rd1 cxd4 16. Nxd4 Nc5 17. Qe3 Ng4 18. Qf4 Nf6 19. b3 Bd6 20. Qe3 Bxg3 21. hxg3 Nce4 22. Bb4 Re8 23. Qd3 e5 24. Nb5 Qxd3 25. Rxd3 a6 26. Nc3 Nxc3 27. Bxc3 e4 28. Rde3 Rad8 29. Bxf6 Rd1+ 30. Kh2 gxf6 31. Rxe4 Rxe4 32. Rxe4 Rd2 33. a4 Rxf2 34. Re8+ Kg7 35. Rb8 b5 36. cxb5 axb5 37. Rxb5 Kf8 38. a5 Ra2 39. b4 Ke7 40. Rb6 1-0

[Event "Kiev Spring op"]
[Site "Kiev"]
[Date "2021.07.10"]
[Round "1"]
[White "Maliutin, Oleksandr"]
[Black "Savitsky, Anton"]
[Result "1-0"]
[WhiteElo "2260"]
[BlackElo "1612"]
[PlyCount "55"]
[EventDate "2021.07.10"]
[EventType "swiss"]
[EventRounds "9"]
[EventCountry "UKR"]
[SourceTitle "EXT 2024"]
[Source "ChessBase"]
[SourceDate "2023.10.10"]
[SourceVersion "1"]
[SourceVersionDate "2023.10.10"]
[SourceQuality "1"]

1. d4 d5 2. c4 e6 3. Nc3 Nf6 4. Bg5 Be7 5. e3 c6 6. Nf3 Nbd7 7. Bd3 h6 8. Bh4 0-0 9. 0-0 Nh5 10. Bxe7 Qxe7 11. Ne5 Nhf6 12. f4 Nxe5 13. fxe5 Nd7 14. Qh5 a6 15. cxd5 exd5 16. Qf5 Nf6 17. Qf3 Nh7 18. e4 dxe4 19. Nxe4 Ng5 20. Qe3 Nxe4 21. Qxe4 g6 22. Rf6 Bf5 23. Qh4 Bxd3 24. Rxg6+ fxg6 25. Qxe7 Rf7 26. Qh4 Raf8 27. h3 Kh7 28. e6 1-0